00562nam a2200205 i 450000100060000000300090000600500170001500700030003200800410003510000200007624500770009625000140017326000370018730000220022449000250024665000180027170000230028983000220031285200220033479714ES-MaACL20250829112156.0t|041022s1972 sp ||||1| spa d1 aHertz, Herbert.10aGrafología / cpor Herbert Hertz ; [traducción de Alexandre Ferrer]. a1ª ed.]. aBarcelona : bOikos-Tau, c1972. a120 p. ; c18 cm.1 a¿Qué sé? ; v74 aGrafología.1 aFerrer, Alexandre.1 a¿Qué sé?v744 aES-MaACLjC-44432